[Event "Travemuende op 21th"]
[Site "Travemuende"]
[Date "2004.12.27"]
[Round "1"]
[White "Zimmermann, Julian"]
[Black "Schwittay, Arnim"]
[Result "1-0"]
[WhiteElo "2321"]
[BlackElo "1769"]
[PlyCount "57"]
[EventDate "2004.12.27"]
[EventType "swiss"]
[EventRounds "7"]
[EventCountry "GER"]
[SourceTitle "EXT 2006"]
[Source "ChessBase"]
[SourceDate "2005.11.24"]
[SourceVersion "1"]
[SourceVersionDate "2005.11.24"]
[SourceQuality "1"]

1. e4 c5 2. c4 Nc6 3. Nc3 g6 4. g3 Bg7 5. Bg2 d6 6. d3 Nf6 7. Nge2 0-0 8. 0-0 Ne8 9. f4 Nc7 10. Be3 Ne6 11. Qd2 Ned4 12. h3 Rb8 13. Rab1 a6 14. a3 b5 15. cxb5 axb5 16. b4 Bd7 17. Bf2 Bxh3 18. Bxd4 cxd4 19. Bxh3 dxc3 20. Nxc3 Ra8 21. Ra1 Nd4 22. Ra2 e6 23. Bg2 Ra7 24. a4 bxa4 25. Rxa4 Qb6 26. Kh2 Rc7 27. Nd1 Rc2 28. Qe1 Re2 29. Qc3 1-0